Hydraulika I.

Guardado en:
Detalles Bibliográficos
Autores principales: Mäsiar, Ernest (Autor), Kamenský, Jozef, 1941- (Autor)
Formato: Libro
Lenguaje:eslovaco
Publicado: Bratislava : SVŠT v Bratislave, 1985
Etiquetas: Agregar Etiqueta
Sin Etiquetas, Sea el primero en etiquetar este registro!

MARC

LEADER 00000nam a22000003a 4500
001 stu89458
005 20230731072537.1
008 040803s1985----cs------------------slo-d
040 |a STU  |b slo 
041 0 |a slo 
044 |a cs 
080 |a 556.34(075.8) 
080 |a 532(075.8) 
080 |a 626.81(075.8) 
080 |a 628.14(075.8) 
100 1 |a Mäsiar, Ernest  |4 aut 
245 1 |a Hydraulika I. 
260 |a Bratislava :  |b SVŠT v Bratislave,  |c 1985 
300 |a 298 s 
700 1 |a Kamenský, Jozef,  |d 1941-  |4 aut  |X 839  |7 A000000839 
996 |b 284V032529  |c V*43119/S-12  |l VVS  |s A  |a 24  |w stu89458_0002 
996 |b 284V023691  |c V*29633/O-11783a  |l VVT  |s A  |a 24  |w stu89458_0003 
996 |b 284V021592  |c V*21074/S-85  |l VVS  |s A  |a 24  |w stu89458_0006 
996 |b 284V021599  |c V*21079/S-85  |l VVS  |s A  |a 24  |w stu89458_0008